Statistics for Vocabulary starting with J

Click here to take the quiz!

General Stats

  • This quiz has been taken 36 times
  • The average score is 17 of 20

Answer Stats

HINTANSWER% Correct
What is a type of pants made from denim fabric, typically featuring pockets and a zipper or button fly?Jeans
100%
What is the first month of the Gregorian calendar, named after the Roman god Janus?January
97%
What is a humorous remark or story told to make someone laugh?Joke
97%
What is a feeling of envy, often accompanied by suspicion or distrust?Jealous
94%
What is a feeling of great pleasure or happiness?Joy
94%
What is a dense forest in a tropical region, typically uninhabited by humans?Jungle
94%
What is a group of people sworn to deliver a verdict in a legal case based on the evidence presented to them?Jury
94%
What is a paid position of regular employment that requires certain tasks or duties to be performed?Job
90%
What is an action of combining or connecting two or more things or people together?Join
90%
What is an act of propelling oneself off the ground by pushing down with one's feet and springing upward?Jump
90%
What is a piece of clothing worn on the upper body that typically has sleeves and fastens down the front?Jacket
87%
What is an act of traveling from one place to another, especially a long distance?Journey
87%
What is a liquid extract of fruit, vegetables, or other plant material, typically consumed as a beverage?Juice
87%
What is a sweet, gelatinous food typically made by boiling fruit and sugar together?Jelly
84%
What is a genre of music that originated in the AfricanJazz
81%
What is a public official authorized to decide questions brought before a court of law?Judge
81%
What is a term used to describe someone who is younger or less experienced than someone else in a particular field?Junior
81%
What is a record of events or experiences kept regularly by an individual or organization?Journal
74%
What is a verb meaning to show or prove to be right or reasonable?Justify
52%
What is a precious or semiprecious stone that is cut and polished for use in jewelry?Jewel
48%

Score Distribution

Percentile by Number Answered

Percent of People with Each Score

Your Score History

You have not taken this quiz